000 01089nam a2200253Ia 4500
999 _c1586
_d1586
001 477205
003 EcQuBN
007 ta
008 130917s2007 ec gr 001 0 spa d
020 _a9978320210
040 _aEcQuBN
041 1 _aspa
082 _a335.09866
_bA447
084 _aFER2Lb008119
100 1 _aAlmeida Cabrera, Laura
_9440
245 1 0 _aAntología
_cLaura Almeida Cabrera ; Estudio introductorio de Silvia Vega Ugalde
260 _aQuito, Ecuador :
_bLa Tierra
_c2007
300 _a198 p. ;
_c21 cm.
336 _atexto
_btxt
337 _ano mediado
_bn
338 _avolumen
_bnc
490 1 _aPensamiento Socialista
_vno. 5
504 _aBibliografía: p. 189
505 0 _aEstudio introductorio -- Antología: Luisa Gómez de la Torre -- Informe. Comité Ejecutivo nacional del Partido Socialista Revolucionario Ecuatoriano al XXXI Congreso del partido -- Algunas disquisiciones acerca de la sociedad moderna, la sociedad ecuatoriana y los objetivos de la educación -- Bolívar -- Manuela Cañizares, mujer ilustre y discriminada -- Quito, principio de nacionalidad quiteña,
590 0 _apv
650 4 _aSocialismo en Ecuador
_zEcuador
_915842
700 4 _aVega Ugalde, Silvia,
_eintrod.
_98526
_d1959-
942 _2loc
_cBK